La Florida contemporánea. Florida, tú eres
محفوظ في:
| المؤلف الرئيسي: | |
|---|---|
| التنسيق: | كتاب |
| اللغة: | الإسبانية |
| منشور في: |
Madrid, España
MAPFRE
1992
|
| سلاسل: | Colección España y Estados Unidos,
2 |
| الموضوعات: | |
| الوسوم: |
إضافة وسم
لا توجد وسوم, كن أول من يضع وسما على هذه التسجيلة!
|
MARC
| LEADER | 00000nam a2200000 a 4500 | ||
|---|---|---|---|
| 001 | UCX6617 | ||
| 003 | CL-VaPUC | ||
| 005 | 20210604001541.0 | ||
| 008 | 930730e19920000SP |||||||||||||||||spa|d | ||
| 999 | |c 226612 |d 226610 | ||
| 040 | |c Pontificia Universidad Católica de Valparaíso | ||
| 082 | 0 | 4 | |a 975.904 FER 1992 |2 21 |
| 100 | 0 | |a Fernández-Shaw, Carlos M |e author |9 323204 | |
| 245 | 1 | 3 | |a La Florida contemporánea. |b Florida, tú eres |
| 260 | |a Madrid, España |b MAPFRE |c 1992 | ||
| 300 | |a 349 páginas | ||
| 490 | 0 | |a Colección España y Estados Unidos, |v 2 | |
| 583 | |a last modification |c 19930730 00:00:00 |k Rodrigo Vera | ||
| 650 | 0 | |a Historia |9 255047 | |
| 651 | 7 | |a FLORIDA, ESTADOS UNIDOS |2 CL-VaPUC |9 323205 | |
| 942 | |c BK |2 ddc | ||
| 945 | |d 19930730 00:00:00 | ||
| 952 | |0 0 |1 0 |2 ddc |4 0 |6 975_904000000000000_FER_1992 |7 0 |8 A |9 225115 |a BIBHIS |b BIBHIS |d 2019-11-15 |i 2938138 |o 975.904 FER 1992 |p 2938138 |r 2025-01-20 |t 1 |w 2019-11-15 |y BK |k HIS | ||